STN EN 14508: 2005 (01 0132) [neplatná], Poštové služby. Kvalita služby. Meranie času dopravy medzi koncovými bodmi pre jednotlivo podávané neprioritné zásielky a zásielky druhej triedy
Norma je slovenskou verziou EN 14508: 2003 s národnou poznámkou
| Corporate Author: | |
|---|---|
| Other Authors: | |
| Format: | Book |
| Language: | Slovak English |
| PhysicalDescription: | 12 s. 30m |
| Published: |
Bratislava
Slovenský ústav technickej normalizácie
2005
|
| Subjects: |
MARC
| LEADER | 00000nam a2200000 a 4500 | ||
|---|---|---|---|
| 001 | vtls008297446 | ||
| 003 | SK-MaSNL | ||
| 005 | 20260302053310.0 | ||
| 008 | 160624s2005 xo u 000 0 slo | ||
| 015 | |a SNBN2013 | ||
| 020 | |c (cen. skup. 10) | ||
| 040 | |a SNK |b slo |c SNK |e AACR2 | ||
| 041 | 1 | |a slo |a eng |h eng | |
| 044 | |a xo |c SK | ||
| 046 | |a m |m 200501 (účin.) |n 200709 (zruš.) | ||
| 072 | 7 | |a 656.8 |x Poštové služby a správa |2 konspekt | |
| 080 | |a 656.86 |2 2001 | ||
| 080 | |a 006.83 |2 2001 | ||
| 080 | |a (4)CEN |2 2001 | ||
| 080 | |a (437.6) |2 2001 | ||
| 080 | |a (083.74) |2 2001 | ||
| 084 | |a 03.240 |2 ICS | ||
| 130 | 0 | |a STN 01 0132 (STN EN 14508) [neplatná] |9 711105 | |
| 245 | 1 | 0 | |a STN EN 14508: 2005 (01 0132) [neplatná], Poštové služby. Kvalita služby. Meranie času dopravy medzi koncovými bodmi pre jednotlivo podávané neprioritné zásielky a zásielky druhej triedy |
| 246 | 1 | 0 | |a Poštové služby |
| 246 | 1 | 0 | |a Kvalita služby |
| 246 | 1 | 0 | |a Meranie času dopravy medzi koncovými bodmi pre jednotlivo podávané neprioritné zásielky a zásielky druhej triedy |
| 246 | 3 | 0 | |a EN 14508: 2003 E |
| 260 | |a Bratislava |b Slovenský ústav technickej normalizácie |c 2005 | ||
| 300 | |a 12 s. |c 30m | ||
| 500 | |a Od 1.1.2005 nahrádza anglickú verziu STN EN 14508 z júna 2004 v celom rozsahu. | ||
| 500 | |a Od 1.9.2007 je v celom rozsahu nahradená normou STN EN 14508+A1 zo septembra 2007 | ||
| 500 | |a Spracovateľ: Výskumný ústav spojov Banská Bystrica, Cyril Francisci | ||
| 520 | 8 | |a Norma je slovenskou verziou EN 14508: 2003 s národnou poznámkou | |
| 540 | |a STN vydané na akomkoľvek nosiči sa môžu rozmnožovať a rozširovať iba so súhlasom určenej právnickej osoby |b SÚTN Bratislava |c zákon 264/1999 Z.z. | ||
| 546 | |a Terminológia, normatívne odkazy a literatúra aj v angličtine | ||
| 650 | 0 | 7 | |a poštové služby |2 SNKPH |9 70200 |
| 650 | 0 | 7 | |a poštové zásielky |2 SNKPH |9 92945 |
| 650 | 0 | 7 | |a technické normy a štandardy |z Slovensko |2 SNKPH |9 79594 |
| 650 | 0 | 7 | |a technické normy a štandardy |z krajiny Európskej únie |2 SNKPH |9 289341 |
| 655 | 7 | |a normy |2 SNKPH |9 70643 | |
| 700 | 1 | |a Francisci, Cyril |4 trl |9 324424 | |
| 710 | 2 | |a Výskumný ústav spojov (Banská Bystrica, Slovensko) |4 trl |9 33958 | |
| 958 | |a OP | ||
| 999 | |c 1108873 |d 1110803 | ||
| 952 | |a SNK |b SNK |y PREZ |7 0 |p 17A0482707 |o snkSTN EN 14508 D1 |i snk2005/15364 |8 0 |0 0 |1 0 |4 0 |d 2009-09-08 |l 0 |r 2026-02-24 17:53:40 |w 2026-02-24 | ||
| 952 | |a SNK |b SNK |y PREZ |7 0 |p 17A0482708 |o snkSTN EN 14508 |i snk2005/15363 |8 0 |0 0 |1 0 |4 0 |d 2005-09-13 |l 0 |r 2026-02-24 17:53:40 |w 2026-02-24 | ||


